Zhodnotenie úrovne starostlivosti o pracujúcich v podniku Západoslovenské vodárne a kanalizácie Bratislava záverečná práca postgraduálneho štúdia

Enregistré dans:
Détails bibliographiques
Auteur principal: Harnová, Júlia
Collectivité auteur: Vysoká škola ekonomická v Bratislave
Autres auteurs: Rievajová, Eva
Format: Livre
Langue:slovaque
Publié: Bratislava 1990
Tags: Ajouter un tag
Pas de tags, Soyez le premier à ajouter un tag!

MARC

LEADER 00000nam a2200000 4500
001 c040322
005 20260108100855.6
041 0 |a slo 
044 |a SK 
245 1 0 |a Zhodnotenie úrovne starostlivosti o pracujúcich v podniku Západoslovenské vodárne a kanalizácie Bratislava  |b záverečná práca postgraduálneho štúdia  |c Júlia Harnová ; Ved. práce Eva Rievajová 
264 1 |a Bratislava  |c 1990 
300 |a 57 s. 
100 1 |a Harnová, Júlia 
700 1 |a Rievajová, Eva 
710 2 |a Vysoká škola ekonomická v Bratislave